000 01275nam a22002777a 4500
001 7138
003 FISKH
005 20250626085904.0
008 250625b cb ||||| |||| 00| 0 eng d
020 _a9788956355153
040 _aFISKH
_beng
_cFISKH
_dFISKH
050 _aPZ7
082 _a580
100 _aSormark, Julie
245 _aThe magical pear tree /
_cRetold by Julie Sormark : through the Art style of Henri de Toulouse-Lautree
260 _aSeoul :
_be-future ,
_c2010.
300 _a35 pages :
_bcolor illustrations ;
_c23 cm .
490 _aArt classic stories
505 _aJ
520 _aThe magical pear tree stories often feature themes of generosity and its rewards. In one version, a stingy man who refuses to share his pears faces a magical tree that appears after he denies a beggar. The tree bears fruit for everyone but his own pears disappear, highlighting the consequences of selfishness. Another tale involves a beggar planting a pear seed that grows into a magical tree, sharing its abundance with others, while the stingy man loses his pears due to his refusal to help.
521 8 _a500
_bLexile estimate
521 8 _aJ
_bRaz-Plus
700 _aCho, Yoogyeong
_eIllustrator
942 _2ddc
_cBK
_n0
999 _c7138
_d7138